The Book of Boba Fett Character Quiz - Statistics

General Stats
  • This quiz has been taken 181 times
    148 since last reset
  • The average score is 12 of 22
Answer Stats
Episodes Hint Answer % Correct
1,2,3,4,6,7 Legendary bounty hunter and new crime lord Boba Fett
100%
1,2,3,4,5,6,7 Mercenary and Boba’s partner Fennec Shand
85%
5,6,7 Current wielded of the Darksaber The Mandalorian
84%
6 Legendary Jedi Luke Skywalker
82%
6,7 Mandalorian foundling who can use the Force Grogu
80%
6 Ex-Jedi who spoke to Mando Ahsoka Tano
75%
6,7 Bounty hunter who shot Cobb Vanth Cad Bane
75%
5,6,7 Above’s real name Din Djarin
75%
6,7 Luke’s astromech R2D2
74%
6,7 Sheriff of Freetown Cobb Vanth
70%
2,3,4,6,7 Wookie working for the Hutt twins Black Krrsantan
60%
5 Descendant of Tarre Vizsla Paz Vizsla
56%
5 Leader of a Mandalorian tribe The Armorer
54%
1,2,4 Legendary musician who played for Jabba Max Rebo
53%
3,5,7 Engineer who gets Mando a new ship Peli Motto
46%
2,3 Jabba’s cousins Hutt Twins
36%
2,7 Mayor of Mos Espa Mok Shaiz
27%
5 Rebel X-Wing Pilot Carson Teva
25%
1,2,4,6 Twilek who runs a Cantina Garsa Fwip
24%
3,6,7 Leader of the street gang with cybernetic implants Drash
19%
3,7 Street gang member with a cybernetic eye Skad
16%
1,2,3,4,7 Boba’s droid 8D8
15%
No matching quizzes found
Score Distribution
Percent of People with Each Score
Percentile by Number Answered
Your Score History
You have not taken this quiz since the last reset